000
00303nam a2200133Ia 4500
100
_a
Norton/P./ Socha/J.
942
_c
BK
654
_a
Computer
245
_a
Assembly Language book for the IBM PC
260
_b
Prentice Hall
_a
New Delhi
_c
1993
082
_a
5.136
546
_a
ENGLISH
999
_c
22464
_d
22464